I giardini segreti : romanzo /

में बचाया:
ग्रंथसूची विवरण
मुख्य लेखक: Monicelli, Furio (लेखक)
स्वरूप: पुस्तक
भाषा:इतालवी
प्रकाशित: Milano : Longanesi, 1961
श्रृंखला:La gaja scienza ; 156
टैग: टैग जोड़ें
कोई टैग नहीं, इस रिकॉर्ड को टैग करने वाले पहले व्यक्ति बनें!

MARC

LEADER 00000nam a22000007i 4500
001 IT\ICCU\SBL\0138635
003 ItRI
005 20250701114122.0
008 910930s1961 it |||||| ||||| |||||c
015 |2 IT  |a 617381 
040 |b ita  |c Arcigay Genova 
041 7 |a ita  |2 ISO-639-2 
082 |a 853.91  |2 16 
100 1 |a Monicelli, Furio  |0 IT\ICCU\SBLV\024050  |4 aut 
245 1 2 |a I giardini segreti :  |b romanzo /  |c di Furio Monicelli. 
260 |a Milano :  |b Longanesi,  |c 1961 
300 |a 221 p. ;  |c 18 cm. 
830 3 |a La gaja scienza ;  |v 156  |0 IT\ICCU\RAV\0150584 
942 |2 ddc  |c BK 
952 |0 0  |1 0  |2 ddc  |4 0  |6 B_LNR02MONFUGIA12  |7 0  |9 4410  |a MI  |b MI  |d 1987-11-12  |i 629  |l 0  |o B-LNR02-MONFU-GIA12  |p CDOM629  |r 2025-06-30 17:39:54  |w 2025-06-30  |x DONO  |y BK 
952 |0 0  |1 0  |2 ddc  |4 0  |6 B_LNR02MONFUGIA11  |7 1  |9 4411  |a MI  |b MI  |d 2005-03-26  |i 42  |l 0  |o B-LNR02-MONFU-GIA11  |p CDOM42  |r 2025-06-30 17:39:54  |w 2025-06-30  |x DONO  |y BK 
981 1 |6 z01  |a i   |b xxxe  
982 1 |6 z01  |a n 
999 |c 3424  |d 3424